000 00461nmm a2200157Ia 4500
008 251105s9999||||xx |||||||||||||||||und||
020 _a9789560105530
041 _aspa
100 _aJulián Vejar, Dasten
245 0 _aPrecariedades del trabajo en América Latina
264 _a[Santiago de Chile, Chile] :
_bRil editores,
_c2018
300 _a298 páginas
650 _aSociology
856 _uhttps://public.digitaliapublishing.com/a/65406
942 _cCF
999 _c93927
_d93927